Historia
Saved in:
| Main Author: | |
|---|---|
| Format: | Book |
| Language: | Spanish |
| Published: |
Madrid :
Revista de Pedagogía,
1933
|
| Edition: | 3a ed., renovada |
| Textbook Catalogue: | MANES: Library Catalog Search Result |
| Textbook Classification: |
|
| Series: | Publicaciones de la Revista de pedagogía. Programas escolares ;
4 |
| Tags: |
Add Tag
No Tags, Be the first to tag this record!
|
| Added to: | 2009-04-21 |
| Changed in: | 2025-05-07 |
MARC
| LEADER | 00000nam a2200000 a 4500 | ||
|---|---|---|---|
| 003 | ES-BaCBU | ||
| 005 | 20250507130105.0 | ||
| 008 | 090422s1933 sp 000 0 spa|c | ||
| 040 | |a ES-BaCBU |b cat |c ES-BaCBU |d ES-BaUB | ||
| 100 | 1 | |a Martí Alpera, Félix, |d 1875-1946 |9 26656 | |
| 245 | 1 | 0 | |a Historia / |c por Félix Martí Alpera |
| 250 | |a 3a ed., renovada | ||
| 260 | |a Madrid : |b Revista de Pedagogía, |c 1933 | ||
| 300 | |a 174 p.; |c 19 cm | ||
| 546 | |a España | ||
| 561 | |5 es-CRAI |3 137/2/33 |a España. Biblioteca Universitat de Barcelona |k MANES | ||
| 690 | 0 | |a HI | |
| 691 | 0 | |a PRI | |
| 830 | 0 | |a Publicaciones de la Revista de pedagogía. |p Programas escolares ; |v 4 |9 5563 | |
| 856 | |y Registro en Cercabib - CRAI | ||
| 940 | |a UdG | ||
| 942 | |2 ddc |c BK | ||
| 999 | |c 86972 |d 86972 | ||
| 999 | |c manes:86972 |d 86972 | ||